| 000 | 00577nam a2200193 4500 | ||
|---|---|---|---|
| 001 | 118937 | ||
| 003 | ES-MaACL | ||
| 005 | 20230906191216.0 | ||
| 007 | t| | ||
| 008 | 070214s1926 fr r ||||1| fre d | ||
| 100 | 1 |
_aPicard, Charles. _991770 |
|
| 245 | 1 | 3 |
_aLa sculpture antique _b: de Phidias a l'ere byzantine / _cCharles Picard. |
| 260 |
_aParis : _bH. Laurens, _c1926. |
||
| 300 |
_a552 p. : _bil. ; _c25 x 17 cm. |
||
| 490 | 1 | _aManuels d'Histoire de l'Art | |
| 830 | 0 |
_aManuels d'Histoire de l'Art _9181440 |
|
| 852 |
_aES-MaACL _jF-2126 |
||
| 999 |
_c118937 _d118937 |
||